Tonkie stekla : povesti, rasskazy /

Bibliographic Details
Main Author: Dolgopi︠a︡t, Elena
Format: Book
Language:Russian
Published: Ekaterinburg : U-Faktorii︠a︡, 2001.

MARC

Tag First Indicator Second Indicator Subfields
LEADER 00000cam a2200000Ia 4500
001 in00001697513
005 20151024164516.0
008 020122s2001 ru c 000 j rusod
020 |a 5941760981 
035 |a (OCoLC)ocm49399067 
040 |a HLS  |c HLS  |d ORU  |d TXA  |d UtOrBLW 
049 |a TXAM 
090 |a PG3479.6.O415  |b T66 2001 
100 1 |a Dolgopi︠a︡t, Elena. 
245 1 0 |a Tonkie stekla :  |b povesti, rasskazy /  |c Elena Dolgopi︠a︡t. 
264 1 |a Ekaterinburg :  |b U-Faktorii︠a︡,  |c 2001. 
300 |a 359 pages :  |b portrait ;  |c 21 cm. 
336 |a text  |b txt  |2 rdacontent 
337 |a unmediated  |b n  |2 rdamedia 
338 |a volume  |b nc  |2 rdacarrier 
948 |a cataloged  |b h  |c 2002/10/24  |d c  |e spoltoratski  |f 1:07:13 pm 
994 |a E0  |b TXA 
999 |a MARS 
999 f f |s e1eb088f-b524-3c80-a650-b527c6a3c197  |i b888caa3-869b-3e26-b7b1-9cca483f9875  |t 0 
952 f f |p ric  |a Texas A&M University  |b Rellis Campus  |c Joint Library Facility  |s JLF  |d Remote Storage  |t 0  |e PG3479.6.O415 T66 2001  |h Library of Congress classification  |i unmediated -- volume  |m A14829169836 
998 f f |a PG3479.6.O415 T66 2001  |t 0  |l Remote Storage